000 01178nam a22003017i 4500
999 _c170375
_d170375
003 PPAK
005 20181129113058.0
008 181129s2018 my a|||b |||| 00| 1 eng d
020 _a9781912464050
_cRM39.90
_qhardback
040 _aPPAK
_beng
_cPPAK
_erda
082 0 4 _223
_a823
090 0 0 _a823
_bDIC
_dK
100 1 _aDickens, Charles,
_eauthor.
_d1812-1870.
245 1 0 _aGREAT EXPECTATIONS /
_cCHARLES DICKENS ; Retold by Gill Tavner ; Illustrated by Karen Donnelly
264 1 _aBerkshire, U.K. :
_bBaker Street Press,
_c2018
300 _a63 pages :
_bcolour illustrations ;
_c20 cm
336 _2rdacontent
_atext
337 _2rdamedia
_aunmediated
338 _2rdacarrier
_avolume
490 1 _aBaker Street Readers
520 _aAn escaped convict threatens to eat young Pip's heart for breakfast. The ghostly Miss Havisham invites Pip to her eerie home. A mysterious benefactor makes him suddenly wealthy. Pip's life will never be the same again.
650 1 0 _aChildren's stories, English
650 2 0 _aEnglish fiction
700 1 _aTavner, Gill,
_eauthor.
700 1 _aDonnelly, Karen,
_eillustrator.
830 0 _aBaker street readers
942 _2ddc
_cB